00325nam a2200121Ia 4500008004100000041000800041082001200049100002300061245004400084260003500128300002900163365001100192240624s9999 xx 000 0 und d aeng a823 BUM aBUMILLER ELISABETH aMAY YOU BE THE MOTHER OF A HUNDRED SONS c1991aNew DelhibPenguin India ax, : 306 : p. : cm. ; 23 cRSb25